000 00781nam a2200241Ia 4500
003 OSt
005 20220923213144.0
006 a|||||r|||| 00| 0
007 ta
008 220922b |||||||| |||| 00| 0 hin d
024 _a159,334
037 _cTextual
040 _aARTS
_cARTS
_bhin
041 _2hin
_ahin
082 _aO152,1:g, H9
100 _aद्विवेदी, शान्तिप्रिय
245 0 _aकवि और काव्य
246 _aKavi aur kāvya
260 _aप्रयाग
_b इंडियन प्रेस
_c1949
650 _aहिन्दी साहित्य
_9156264
942 _hO152,1:g, H9
_cTEXL
_2CC
999 _c314081
_d314081